00952nam a2200265 a 450000100060000000300080000600500170001400800410003102000150007203500190008704000320010604100080013808200240014610000260017024500790019626000550027530000330033050400510036365000260041465000310044070000310047194200120050299900170051495201550053167199BD-RjUL20211209081627.0980416s1999 njua b 001 0 eng  a0133747034 a(BD-RjUL)67330 aDLCcDLCdDLCdBD-RjULbeng aeng00223a635.9bDOF 19991 aDole, John M.919907310aFloriculture :bprinciples and species /cJohn M. Dole, Harold F. Wilkins. aUpper Saddle River, N.J. :bPrentice Hall,cc1999. aix, 613 p. :bill. ;c29 cm. aIncludes bibliographical references and index. 0aFloriculture.9115330 0aPlants, Ornamental.9439781 aWilkins, Harold F.9199074 2ddccBK c67199d67199 00102ddc40718NFICaRUCLbRUCLcReadingd2005-12-20eParagon enterprise, Dhakag110.00l0o635.9 DOF 1999r2017-03-22 00:00:00tC-1w2017-03-22yBK